| 000 | 01818nam a2200325 4500 | ||
|---|---|---|---|
| 003 | EG-GICUC | ||
| 005 | 20260414165502.0 | ||
| 008 | 260414s2007 ne ||||fr|||| 000 0 ara d | ||
| 020 | _a92-9227-064-8 | ||
| 040 |
_a EG-GICUC _bara _c EG-GICUC _d EG-GICUC _erda |
||
| 041 | 0 | _aara | |
| 082 | 0 | 4 |
_221 _a343.5045 _bم ح . ن |
| 092 | 0 | 4 | _221 |
| 099 | _a Law1 10 343.5045 م ح . ن [2007] | ||
| 110 | 1 |
_aلاهاي. _bالمحكمة الجنائية الدولية. |
|
| 245 | 1 | 0 |
_aنظام روما الأساسي / _cللمحكمة الجنائية الدولية |
| 264 | 1 |
_aلاهاي : _bالمحكمة الجنائية الدولية، _c2007. |
|
| 300 |
_a94 صفحة ؛ _c24 سم. _bإيضاحيات، صور، مثيليات ؛ |
||
| 336 |
_2rda content _atext |
||
| 337 |
_2rda media _aComputer |
||
| 338 |
_2rda carrier _aOnline Resource |
||
| 504 | _a. 240-220 ببليوجرافيا: صفحات. | ||
| 505 | _aيتضمن هذا المجلد نظام روما الأساسي المعمم بوصفه الوثيقة 183/9.A/CONF المؤرخة ١٧ تموز / يوليه ۱۹۹۸ ، والمصوّب بموجب المحاضر المؤرخة ١٠ تشرين الثاني / نوفمبر ۱۹۹۸، و ۱۲ تموز / يوليه ۱۹۹۹، و ۳۰ تشرين الثاني / نوفمبر ۱۹۹۹ ، و ۸ أيار / مايو ۲۰۰۰ ، و ۱۷ كانون الثاني / يناير ۲۰۰۱ ، و ١٦ كانون الثاني / يناير ۲۰۰۲ . ودخل النظام الأساسي حيز النفاذ في 1 تموز / يوليه ۲۰۰۲. | ||
| 546 | _aالنص باللغة العربية | ||
| 650 | 1 |
_aالقانون الجنائي الدولي. _2qrmak |
|
| 651 | 1 | _2qrmak | |
| 856 | 4 | 0 | _uhttps://fll.law.cu.edu.eg/fulltext/bks/B10-09329.pdf |
| 905 | _a62 | ||
| 942 |
_2ddc _n0 _cBK _e21 |
||
| 999 |
_c70965 _d70965 |
||